A ragged boy's Christmas, (Record no. 18262)
[ view plain ]
| 000 -LEADER | |
|---|---|
| fixed length control field | 00592cam a22002171 4500 |
| 001 - CONTROL NUMBER | |
| control field | ca 36001364 |
| 003 - CONTROL NUMBER IDENTIFIER | |
| control field | DLC |
| 005 - DATE AND TIME OF LATEST TRANSACTION | |
| control field | 20260227111143.0 |
| 008 - FIXED-LENGTH DATA ELEMENTS--GENERAL INFORMATION | |
| fixed length control field | 891031s1931 ilu 000 0 eng |
| 010 ## - LIBRARY OF CONGRESS CONTROL NUMBER | |
| LC control number | ca 36001364 |
| 035 ## - SYSTEM CONTROL NUMBER | |
| System control number | (OCoLC)20574194 |
| 040 ## - CATALOGING SOURCE | |
| Original cataloging agency | DLC |
| Transcribing agency | RPB |
| Modifying agency | DLC |
| 042 ## - AUTHENTICATION CODE | |
| Authentication code | premarc |
| 050 00 - LIBRARY OF CONGRESS CALL NUMBER | |
| Classification number | PN4305.M6 |
| Item number | M356 |
| 082 ## - DEWEY DECIMAL CLASSIFICATION NUMBER | |
| Classification number | 815.5 |
| 100 1# - MAIN ENTRY--PERSONAL NAME | |
| Personal name | McWhorter, Fred. |
| 245 12 - TITLE STATEMENT | |
| Title | A ragged boy's Christmas, |
| Remainder of title | a reading, |
| Statement of responsibility, etc. | by Fred McWhorter. |
| 260 ## - PUBLICATION, DISTRIBUTION, ETC. | |
| Place of publication, distribution, etc. | Chicago, |
| Name of publisher, distributor, etc. | T.S. Denison & Company |
| Date of publication, distribution, etc. | [c1931] |
| 300 ## - PHYSICAL DESCRIPTION | |
| Extent | 12 p. |
| Dimensions | 18 cm. |
| 490 0# - SERIES STATEMENT | |
| Series statement | Denison's monologues and readings |
No items available.